Đạo đức kinh doanh trong phát triển kinh tế tư nhân ở Việt Nam /

保存先:
書誌詳細
第一著者: Nguyễn Thị Tuyến.
フォーマット: 論文
言語:Vietnamese
主題:
タグ: タグ追加
タグなし, このレコードへの初めてのタグを付けませんか!
Thư viện lưu trữ: Thư viện Trường Đại học Đà Lạt
LEADER 00804nam a2200265 4500
001 DLU180186852
005 ##20180907
040 # # |a DLU  |b vie 
041 # # |a vie 
044 # # |a vn 
100 # # |a Nguyễn Thị Tuyến. 
245 # # |a Đạo đức kinh doanh trong phát triển kinh tế tư nhân ở Việt Nam /  |c Nguyễn Thị Tuyến. 
653 # # |a Đạo đức kinh doanh 
653 # # |a Kinh tế tư nhân 
653 # # |a Lợi nhuận 
653 # # |a Thương hiệu 
773 # # |t Văn hoá Nghệ thuật  |g Số 399, 2017, tr. 7-10 
920 # # |a Phòng Tạp chí -- Trung tâm Thông tin - Thư viện Trường Đại học Đà Lạt 
900 # # |a True 
911 # # |a Hoàng Thị Huyền 
925 # # |a G 
926 # # |a A 
927 # # |a BB 
980 # # |a Thư viện Trường Đại học Đà Lạt